| 000 | 00717nam a22002297a 4500 | ||
|---|---|---|---|
| 999 |
_c14885 _d14885 |
||
| 003 | AR-CdUCM | ||
| 008 | 190425b ||||| |||| 00| 0 spa d | ||
| 020 | _a978-950-11-0900-9 | ||
| 040 |
_aMUNICIPALIDAD PROVINCIAL DEL CUSCO _cBIBLIOTECA MUNICIPAL DEL CUSCO |
||
| 041 | _heng | ||
| 082 |
_aPI / 376.1 / _bAN61 |
||
| 110 |
_aSigmar. _933301 |
||
| 245 | _aAnimales de la selva / | ||
| 260 |
_aBuenos Aires : _bSigmar, _c2009. |
||
| 300 |
_a19 páginas ; _bilustraciones, _c21.5 cm. |
||
| 440 |
_aAbres tus ojos. _933846 |
||
| 500 | _aUn libro de Dorling Kindersley. | ||
| 650 |
_aAprendizaje infantil _933271 |
||
| 700 |
_aColella, Olga (traducción) _933822 |
||
| 942 |
_2ddc _cLIBROS |
||
| 945 |
_aachl _d2019-04-25 |
||